Nemzetállamok bukása vagy létjogosultsága a mai modern demokráciákban

Elmentve itt :
Bibliográfiai részletek
Szerző: Szekeres Péter
További közreműködők: Fejes Zsuzsanna (Témavezető)
Dokumentumtípus: Szakdolgozat
Megjelent: 2019
Tárgyszavak:
Online Access:http://diploma.bibl.u-szeged.hu/129490
LEADER 00817nta a2200205 i 4500
001 dipl129490
005 20220908084133.0
008 220907s2019 hu om 0|| hun d
040 |a SZTE Diploma Repozitórium  |b hun 
041 |a hun 
100 1 |a Szekeres Péter 
245 1 0 |a Nemzetállamok bukása vagy létjogosultsága a mai modern demokráciákban  |h [elektronikus dokumentum] /  |c Péter Szekeres 
246 1 0 |a The falls or raison d’etre of nation states in present-day modern democracies  |h [elektronikus dokumentum] 
260 |c 2019 
650 4 |a Jogi és igazgatási tanulmányok 
650 4 |a Social sciences 
650 4 |a Political science 
650 4 |a Political science 
700 1 |a Fejes Zsuzsanna  |e ths 
856 4 0 |u https://diploma.bibl.u-szeged.hu/id/eprint/129490/1/2019_szekeres_%20peter.pdf  |z Dokumentum-elérés